000 02621nam a22002537a 4500
999 _c62170
_d62170
003 Ge_BSU
005 20240726105318.0
008 240726s2022 ge ||||| |||| 00| 0 geo d
020 _a9789941974373
041 _ageo
080 _a930.2(394)(031)ა-69
245 _aანტიკური კავკასია = Caucasus Antiquus : ენციკლოპედია.
_bტომი 1, წყაროები /
_cრედაქტორები: რისმაგ გორდეზიანი, მაია დანელია, გიორგი უგულავა ; წინასიტყვაობა რისმაგ გორდეზიანი ; ყდის დიზაინი ნიკა მაჩაიძე.
250 _aმე-2 შესწორებული და შევსებული გამოცემა.
264 _aთბილისი :
_b ლოგოსი,
_c2022.
300 _a760 გვ. ;
_b 29 სმ.
440 _aპროგრამა "ლოგოსი" : პუბლიკაციები და ღონისძიებები კლასიკური ფილოლოგიის, ბიზანტინისტიკისა და ნეოგრეცისტიკის სფეროში
_93642
500 _aპირველი ტომი დააფინანსა საქართველოს საპატრიარქოს ქართველოლოგიური კვლევის ცენტრმა.
501 _aსახელთა საძიებელი: გვ. 717-750
653 _aძველი აღმოსავლეთის წყაროთმცოდნეობა -- ენციკლოპედიები. ბიზანტიური წყაროთმცოდნეობა -- ენციკლოპედიები.
700 _aგორდეზიანი, რისმაგ.
_e რედაქტორი, წინასიტყვაობის ავტორი.
_922973
700 _aდანელია, მაია
_eრედაქტორი და სახვ
_914583
710 _aივანე ჯავახიშვილის სახელობის თბილისის სახელმწიფო უნივერსიტეტი, კლასიკური ფილოლოგიის, ბიზანტინისტიკისა და ნეოგრეცისტიკის ინსტიტუტი
_913867
942 _2udc
_cᲬᲘᲒᲜᲘ